000 00602nam a2200193 a 4500
001 000011968
005 20240530073913.0
008 091102t1943 dr 000 f spa d
040 _aDO-SdBNP
_bspa
_cBNPHU
082 _aRD863.42
_bH519o
100 1 _aHenrĂ­quez Castillo, Luis
_919632
245 1 3 _aLa octava maravilla :
_bnovela /
_cLuis HenrĂ­quez Castillo.
260 _aSantiago de los Caballeros :
_bEl Diario,
_c1943.
300 _a260 p. ;
_c21 cm.
650 0 _aNovela dominicana
_9223
650 0 _aLiteratura dominicana.
_967
910 _aValidado. Control de calidad EMS.
049 _aBNPD
999 _c11638
_d11638